Twilight Saga - Statistics

General Stats
  • This quiz has been taken 233 times
  • The average score is 11 of 15
Answer Stats
Questions Answer: Full Names % Correct
who was bella facinated by on her first day of high school? Edward Cullen
96%
What Vampire masquerades as a doctor? Carlisle Cullen
87%
What color was bella's truck? Red
87%
Who has the power to see the future? Alice Cullen
85%
Who is the mother of the cullen children Esme Cullen
83%
Who is charlie's best friend? Billy Black
82%
Who has a crush on bella? Jacob Black
81%
Which Cullen Vampire is the strongest Emmett Cullen
79%
Who is jealous that bella can have a baby? Rosalie Cullen
76%
Who is the weakest around fresh blood? Jasper Hale
73%
Who asks Bella to prom? Mike Newton
65%
Who is the leader of the quileute tribe? Sam Uley
60%
Who Does Charlie go hunting for killers with? Harry Clearwater
56%
What year did Edward become a Vampire? 1918
55%
Whats the name of the wife with the scar on her face? Emily Young
35%
No matching quizzes found
Score Distribution
Percent of People with Each Score
Percentile by Number Answered
Your Score History
You have not taken this quiz